| 000 | 01367cam a22003857a 4500 | ||
|---|---|---|---|
| 003 | CHAP | ||
| 005 | 20220329134359.0 | ||
| 008 | 971013s1980 r 00010 d | ||
| 010 | _a19669 | ||
| 011 | _a20641 | ||
| 035 | _a24729 | ||
| 040 | _cCHAP | ||
| 090 | _aFolleto 7582 | ||
| 100 | 0 | 0 |
_aAnaya Lang, Ana Luisa. _95505 |
| 245 | 1 | 3 | _aLa vegetación y los suelos de un transecto altitudinal del declive occidental del iztaccihuatl |
| 260 |
_aMéxico, D.F., : _bInstituto Nacional de Investigaciones Forestales, _c1980 |
||
| 300 |
_a67 p. _b; apénd. : ilus |
||
| 490 | 0 |
_aBoletín técnico _v; 65 |
|
| 590 |
_aBATCH-UPD _b10 _c20130110 _lUCH01 _h0100 |
||
| 590 |
_aBATCH-UPD _b10 _c20130110 _lUCH01 _h1528 |
||
| 590 |
_aBATCH-UPD _b10 _c20130410 _lUCH01 _h0936 |
||
| 590 |
_aBATCH-UPD _b10 _c20130914 _lUCH01 _h0324 |
||
| 590 |
_aCONVERSION _b10 _c20130109 _lUCH01 _h1312 |
||
| 650 | 1 | 4 |
_aBosques _xMéxico. _914341 |
| 650 | 1 | 4 |
_aBosques _zMéxico (Edo.). _914419 |
| 650 | 1 | 4 |
_aEcología forestal. _935176 |
| 650 | 1 | 4 |
_aSuelos _zMéxico (Edo.). _9110525 |
| 700 | 0 |
_aHernández Sánchez, Rafael. _954637 |
|
| 700 | 0 |
_aMadrigal Sánchez, Xavier. _969739 |
|
| 830 | 0 |
_aBoletín técnico _v; 65 _913560 |
|
| 901 | _aBK | ||
| 942 | _cFOLL | ||
| 949 |
_aFolleto 7582 _bBC _cFOLL _d-56943 _eTS1 _i24729 _mD _si |
||
| 949 |
_aFolleto 7582 _bBC _cFOLL _d-56944 _eTS2 _fc.2 _i24729 _mD _si |
||
| 999 |
_c19669 _d19669 |
||